Las siete plagas al acecho: hambre, analfabetismo, enfermedades... /
Guardat en:
| Autor principal: | |
|---|---|
| Format: | Text |
| Etiquetes: |
Afegir etiqueta
Sense etiquetes, Sigues el primer a etiquetar aquest registre!
|
MARC
| LEADER | 00000 a a2200000 04500 | ||
|---|---|---|---|
| 001 | 46000 | ||
| 003 | |||
| 040 | |a CRAI/IIS |c CRAI/IIS | ||
| 100 | |a Jiménez, Melba | ||
| 245 | |a Las siete plagas al acecho: |b hambre, analfabetismo, enfermedades... / |c Melba Jiménez | ||
| 773 | |g volumen10, número325 (1990), páginas 8-9 | ||
| 999 | |c 18540 |d 18540 | ||
